00472nam a2200157 a 450000100060000000300090000600800410001502000150005604000280007108200180009910000220011724500720013926000610021130000110027265000310028319736CO-ViMGA141112s2004 ck r 000 u spa d a9588173337 aCO-ViMGAbspacCO-ViMGA04aCo863.09 C6771 aCortazar, Roberto10aLa Novela en Colombia : bestudio introductorio de Gonzalo España aMedellín : bFondo Editorial Universidad Eafit, c2003 a196 p.14aNOVELA HISTORICA COLOMBIAN